|
|
|
|
| LEADER |
00952aam a22002778a 4500 |
| 001 |
00028715 |
| 005 |
20171026081023.0 |
| 008 |
120330s2008 ||||||viesd |
| 020 |
|
|
|c 29000
|
| 041 |
0 |
# |
|a vie
|
| 082 |
1 |
4 |
|a 158.1
|b Đ300T
|
| 100 |
1 |
# |
|a Foster, Rick
|
| 245 |
1 |
0 |
|a Đi tìm hạnh phúc cuộc sống
|c Rick Foster, Greg Hicks ; Biên dịch Nguyễn Văn Phước...[và nh. ng. khác]
|
| 260 |
# |
# |
|a TP. Hồ Chí Minh
|b Tổng hợp TP. Hồ Chí Minh
|c 2008
|
| 300 |
# |
# |
|a 207tr.
|c 21cm.
|
| 490 |
# |
# |
|a Hạt giống tâm hồn
|
| 650 |
# |
4 |
|a Tâm lý học
|
| 653 |
# |
# |
|a Cuộc sống
|
| 653 |
# |
# |
|a Hạnh phúc
|
| 700 |
1 |
# |
|a Hicks, Greg
|
| 700 |
1 |
# |
|a Nguyễn, Văn Phước
|e biên dịch
|
| 710 |
2 |
# |
|a First news
|
| 852 |
# |
# |
|b Kho đọc
|j KD.0013095
|
| 852 |
# |
# |
|j KD.0013095
|
| 910 |
|
|
|d 30/03/2012
|
| 980 |
# |
# |
|a Trung tâm Học liệu Lê Vũ Hùng, Trường Đại học Đồng Tháp
|